| 000 | 004960000a22001930004500 | ||
|---|---|---|---|
| 003 | LK-CoMWRAF | ||
| 005 | 20231006110404.0 | ||
| 008 | 230817t1958 ||||| |||| 00| 0 eng d | ||
| 040 |
_aLK-CoMWRAF _dLK-CoMWRAF _eLK-CoMWRAF |
||
| 041 | _aeng | ||
| 082 |
_a297 _bJEF |
||
| 245 |
_aIslam : _bMuhammad and his religion |
||
| 260 |
_aNew York : _bThe Liberal Arts Press. _c1958 |
||
| 300 | _a252p | ||
| 650 | _aIslam | ||
| 650 | _aProphet Mohammed | ||
| 700 |
_aJeffery, Arthur _eed. |
||
| 942 | _cBK | ||
| 999 |
_c3198 _d3198 |
||